| 000 | 00731nam a22002412 4500 | ||
|---|---|---|---|
| 001 | 9813 | ||
| 003 | UkOxU | ||
| 005 | 20211208234836.0 | ||
| 008 | 210114t1950 1938xxka 001 0 eng d | ||
| 035 | _aOCLC ocm08319815 from D970723M | ||
| 040 |
_aMDC _cMDC _dEQO _beng |
||
| 041 | _aeng | ||
| 082 |
_a541.363 _bBOP 1950 |
||
| 090 |
_aQD503 _b.B69 1945 |
||
| 100 | 1 |
_aBowden, Sydney Thomas. _930331 |
|
| 245 | 1 | 4 |
_aThe phase rule and phase reactions : _btheoretical and practical / _cby Sydney T. Bowden. |
| 250 | _a[1st ed.] | ||
| 260 |
_aLondon : _bMacmillan, _c1950. |
||
| 300 |
_axviii, 303 p. : _bill. ; _c22 cm. |
||
| 500 | _aFirst ed. 1938, reprinted 1945. | ||
| 650 | 0 |
_aPhase rule and equilibrium. _927152 |
|
| 942 |
_2ddc _cBK |
||
| 999 |
_c9813 _d9813 |
||